Foundation Course Environmental Studies/ (Record no. 189691)

MARC details
000 -LEADER
fixed length control field 00696nam a22001937a 4500
005 - DATE AND TIME OF LATEST TRANSACTION
control field 20220711121855.0
010 ## - LCCN (DPL NO)
LC control number ENG-133459
020 ## - INTERNATIONAL STANDARD BOOK NUMBER
International Standard Book Number 9789388096003
Terms of availability 138.00
035 ## - SYSTEM CONTROL NUMBER
System control number EN-116991
037 ## - SOURCE OF ACQUISITION
Source of stock number/acquisition DBAD/PUB
082 ## - DEWEY DECIMAL CLASSIFICATION NUMBER
Classification number 363.7
100 ## - MAIN ENTRY--PERSONAL NAME
Personal name Naik, S. Sankar
245 ## - TITLE STATEMENT
Title Foundation Course Environmental Studies/
Statement of responsibility, etc S. Sankar Naik and P. Lakshminarayana Reddy
260 ## - PUBLICATION, DISTRIBUTION, ETC. (IMPRINT)
Place of publication, distribution, etc Hyderabad
Name of publisher, distributor, etc Seven Hills International Publishers
Date of publication, distribution, etc 2018
270 ## - ADDRESS
City Hyderabad
Address # 326/C, Level-4, Surneni Nilayam Near B K Guda Park, S R Nagar
Postal code 500038
Electronic mail address studentshelpline.in@gmail.com
300 ## - PHYSICAL DESCRIPTION
Extent viii, 206p.
Dimensions 24cm(pbk)
700 ## - ADDED ENTRY--PERSONAL NAME
Personal name Reddy, P. lakshminarayana
942 ## - ADDED ENTRY ELEMENTS (KOHA)
Source of classification or shelving scheme Dewey Decimal Classification
Item type English Books
Classification part 363.7
Call number suffix NAI
Holdings
Withdrawn status Lost status Not for loan Collection code Home library Current library Date acquired Source of acquisition Cost, normal purchase price Full call number Barcode Copy number Cost, replacement price Koha item type
      Non-fiction Sarojini Nagar Sarojini Nagar 11/07/2022 DBAD/PUB 138.00 363.7 NAI EN-116991 1 138.00 English Books

© Delhi Public Library
Hit Counter
free hit counter